Power of 10 - Statistics

General Stats
  • This quiz has been taken 15 times
  • The average score is 8 of 22
Answer Stats
Number Outwritten % Correct
10¹ Ten
100%
10⁹ Billion
79%
10⁶ Million
79%
10³ Thousand
79%
10¹² Trillion
79%
10¹⁵ Quadrillion
57%
10²⁷ Octillion
43%
10¹⁸ Quintillion
43%
10²⁴ Septillion
43%
10²¹ Sextillion
43%
10³³ Decillion
36%
10¹⁰⁰ Googol
36%
10³⁰ Nonillion
36%
10³⁶ Undecillion
14%
10³⁹ Duodecillion
7%
10⁴² Tredecillion
7%
10¹²³ Quadragintillion
0%
10⁴⁵ Quattourdecillion
0%
10¹⁵³ Quinquagintillion
0%
10⁹³ Trigintillion
0%
10⁶⁶ Unvigintillion
0%
10⁶³ Vigintillion
0%
No matching quizzes found
Score Distribution
Percent of People with Each Score
Percentile by Number Answered
Your Score History
You have not taken this quiz